Statistics for Every NFL team's best WR to ever play for them

Click here to take the quiz!

General Stats

  • This quiz has been taken 33 times
    (9 since last reset)
  • The average score is 21 of 32

Answer Stats

TeamWR% Correct
TexansAndre Johnson
86%
LionsCalvin Johnson
86%
SeahawksJerry Rice
86%
BroncosJerry Rice
86%
RaidersJerry Rice
86%
49ersJerry Rice
86%
FalconsJulio Jones
86%
CardinalsLarry Fitzgerald
86%
PatriotsRandy Moss
86%
TitansRandy Moss
86%
VikingsRandy Moss
86%
PanthersSteve Smith Sr.
86%
RavensSteve Smith Sr.
86%
ChiefsTyreek Hill
86%
SteelersAntonio Brown
71%
BuccaneersAntonio Brown
71%
CommandersArt Monk
71%
RamsIsaac Bruce
71%
ColtsMarvin Harrison
71%
BillsTerrell Owens
71%
CowboysTerrell Owens
71%
EaglesTerrell Owens
71%
BengalsTerrell Owens
71%
PackersDon Hutson
57%
JaguarsTorry Holt
57%
DolphinsCris Carter
43%
ChargersLance Alworth
43%
SaintsMarques Colston
29%
BrownsPaul Warfield
29%
GiantsDon Maynard
14%
JetsDon Maynard
14%
BearsJohnny Morris
14%

Score Distribution

Percentile by Number Answered

Percent of People with Each Score

Your Score History

You have not taken this quiz since the last reset